[Event "GER-chT U14 Girls"]
[Site "Neumuenster"]
[Date "2018.12.27"]
[Round "2.1"]
[White "Orlova, Alicia"]
[Black "Schmidt, Pauline"]
[Result "1/2-1/2"]
[WhiteElo "1616"]
[BlackElo "1504"]
[PlyCount "136"]
[EventDate "2018.12.27"]
[EventType "team-swiss"]
[EventRounds "7"]
[EventCountry "GER"]
[SourceTitle "CBM 188 Extra"]
[Source "ChessBase"]
[SourceDate "2019.02.26"]
[SourceVersion "1"]
[SourceVersionDate "2019.02.26"]
[SourceQuality "1"]
[WhiteTeam "Gerresheim"]
[BlackTeam "Stadtilm Blau Weiss"]
[WhiteTeamCountry "GER"]
[BlackTeamCountry "GER"]

1. e4 c5 2. Nc3 Nc6 3. g3 g6 4. Bg2 Bg7 5. d3 e5 6. Be3 d6 7. h3 Nge7 8. Nge2 Be6 9. 0-0 Qd7 10. Kh2 0-0-0 11. Qd2 Nd4 12. f4 f5 13. Nd1 Nxe2 14. Qxe2 h5 15. h4 fxe4 16. dxe4 Bg4 17. Qd3 exf4 18. Bxf4 Rhf8 19. c3 Be5 20. Ne3 Bxf4 21. gxf4 Be6 22. c4 Qc7 23. Nd5 Nxd5 24. cxd5 Bg4 25. Bh3 Qd7 26. Qg3 Bxh3 27. Qxh3 Qxh3+ 28. Kxh3 Rde8 29. Rae1 Rf7 30. Kg3 Kc7 31. Rf3 Ref8 32. Ree3 Rd7 33. Rd3 Re7 34. e5 c4 35. Rd1 Rf5 36. Rc3 b5 37. b3 Rd7 38. e6 Re7 39. bxc4 b4 40. Rb3 a5 41. a3 bxa3 42. Rxa3 Kb6 43. Ra4 Kc5 44. Rda1 Re8 45. Rb1 Re7 46. Rb5+ Kd4 47. c5+ Kxd5 48. Raxa5 dxc5 49. Rxc5+ Kxe6 50. Ra6+ Kf7 51. Rxf5+ gxf5 52. Rh6 Re3+ 53. Kf2 Ra3 54. Rxh5 Kg6 55. Rg5+ Kf6 56. h5 Rh3 57. Ke2 Rh2+ 58. Kd3 Rh3+ 59. Kd4 Rh4 60. Rg6+ Kf7 61. Ke5 Rxh5 62. Rg5 Rxg5 63. fxg5 f4 64. Kxf4 Kg6 65. Kg4 Kg7 66. Kf5 Kf7 67. g6+ Kg7 68. Kg5 Kg8 1/2-1/2

[Event "GER-ch U25-B"]
[Site "Willingen"]
[Date "2018.05.25"]
[Round "8"]
[White "Schmidt, Pauline"]
[Black "Plum, Paul"]
[Result "0-1"]
[WhiteElo "1371"]
[BlackElo "1673"]
[PlyCount "40"]
[EventDate "2018.05.19"]
[EventType "swiss"]
[EventRounds "9"]
[EventCountry "GER"]
[SourceTitle "CBM 184 Extra"]
[Source "ChessBase"]
[SourceDate "2018.06.28"]
[SourceVersion "1"]
[SourceVersionDate "2018.06.28"]
[SourceQuality "1"]

1. e4 c5 2. Nc3 g6 3. Nge2 Nc6 4. g3 Bg7 5. Bg2 e6 6. d3 Nge7 7. h4 h5 8. Bg5 Qc7 9. Qd2 a6 10. 0-0 b5 11. a3 Bb7 12. Be3 Nd4 13. Rab1 d5 14. exd5 Nxd5 15. Bf4 Nxf4 16. Nxf4 Bxg2 17. Kxg2 Qb7+ 18. Kh3 Qf3 19. Rh1 g5 20. hxg5 h4 0-1

[Event "GER-ch U25-B"]
[Site "Willingen"]
[Date "2018.05.22"]
[Round "4"]
[White "Schmidt, Pauline"]
[Black "Bilecen, Simon"]
[Result "1/2-1/2"]
[WhiteElo "1371"]
[BlackElo "1666"]
[PlyCount "140"]
[EventDate "2018.05.19"]
[EventType "swiss"]
[EventRounds "9"]
[EventCountry "GER"]
[SourceTitle "CBM 184 Extra"]
[Source "ChessBase"]
[SourceDate "2018.06.28"]
[SourceVersion "1"]
[SourceVersionDate "2018.06.28"]
[SourceQuality "1"]

1. e4 e5 2. Nf3 Nc6 3. d4 exd4 4. Bc4 Be7 5. Nxd4 Nf6 6. Nc3 0-0 7. 0-0 Bc5 8. Be3 Ne5 9. Bb3 d6 10. h3 Re8 11. Bg5 h6 12. Bh4 Ng6 13. Bxf6 Qxf6 14. Ndb5 Qd8 15. Nd5 Bb6 16. Qh5 Be6 17. Nxb6 axb6 18. Bxe6 Rxe6 19. Nc3 Ra5 20. Qd1 Qg5 21. Kh1 Nf4 22. Qf3 Rg6 23. Rg1 Qh4 24. Ne2 Ne6 25. Ng3 Ng5 26. Qg4 Qxg4 27. hxg4 Ne6 28. f3 Rgg5 29. Rge1 Nf4 30. Nf5 g6 31. Ne3 Ra8 32. g3 Ne6 33. f4 Rga5 34. a3 b5 35. c3 Ra4 36. Nd5 Rc4 37. Re2 Ra6 38. b3 Rc5 39. Rc2 c6 40. Nb4 Ra8 41. Rcc1 d5 42. Nd3 dxe4 43. Nxc5 Nxc5 44. Rcb1 e3 45. Re1 Re8 46. b4 Nd3 47. Re2 Nf2+ 48. Kg2 Nxg4 49. Kf3 h5 50. a4 bxa4 51. Rxa4 Rd8 52. Ra7 Rd7 53. Ke4 Rd2 54. Kf3 Rd7 55. Ra5 b5 56. Ra6 Rd6 57. Rb6 Kg7 58. Ra6 Kf6 59. Ra7 Ke6 60. Rxe3+ Nxe3 61. Kxe3 Rd1 62. Rc7 Rd6 63. Ke4 f5+ 64. Ke3 Kd5 65. Kd3 Re6 66. Rd7+ Rd6 67. Rg7 Ke6+ 68. Ke2 Kf6 69. Rg8 Kf7 70. Rc8 Ke6 1/2-1/2

[Event "GER-chT U14 Girls"]
[Site "Neumuenster"]
[Date "2017.12.27"]
[Round "1.3"]
[White "Schmidt, Pauline"]
[Black "Kublanov, Elizabeth"]
[Result "0-1"]
[WhiteElo "1189"]
[BlackElo "1613"]
[PlyCount "66"]
[EventDate "2017.12.26"]
[EventType "team-swiss"]
[EventRounds "7"]
[EventCountry "GER"]
[SourceTitle "CBM 182 Extra"]
[Source "ChessBase"]
[SourceDate "2018.02.23"]
[SourceVersion "1"]
[SourceVersionDate "2018.02.23"]
[SourceQuality "1"]
[WhiteTeam "Stadtilm Blau Weiss"]
[BlackTeam "Solingen SG"]
[WhiteTeamCountry "GER"]
[BlackTeamCountry "GER"]

1. e4 d5 2. exd5 Qxd5 3. Nc3 Qa5 4. d4 c6 5. Bc4 Bf5 6. Qe2 Nf6 7. Nf3 e6 8. Bb3 Be7 9. Bd2 Qc7 10. 0-0-0 0-0 11. h3 b5 12. g4 Bg6 13. g5 Nfd7 14. h4 a5 15. a4 bxa4 16. Bxa4 Nb6 17. Ne5 Bf5 18. Bf4 Bd6 19. Bg3 Nxa4 20. Nxa4 Na6 21. c3 Qb7 22. Qc4 Be4 23. Rhg1 Bd5 24. Qd3 Bb3 25. Nc5 Bxc5 26. dxc5 Bxd1 27. Qxd1 Nxc5 28. h5 Nb3+ 29. Kc2 Rfd8 30. Qf3 Rd2+ 31. Kb1 Rxb2+ 32. Kxb2 Nd2+ 33. Kc2 Nxf3 0-1

[Event "Rostock SSC op 16th"]
[Site "Rostock"]
[Date "2017.07.28"]
[Round "4"]
[White "Schmidt, Pauline"]
[Black "Morosova, Svetlana"]
[Result "0-1"]
[WhiteElo "1269"]
[BlackElo "1658"]
[PlyCount "66"]
[EventDate "2017.07.26"]
[EventType "swiss"]
[EventRounds "7"]
[EventCountry "GER"]
[SourceTitle "EXT 2018"]
[Source "ChessBase"]
[SourceDate "2017.10.13"]
[SourceVersion "1"]
[SourceVersionDate "2017.10.13"]
[SourceQuality "1"]

1. e4 c5 2. Nc3 e6 3. Nge2 Nc6 4. g3 a6 5. Bg2 Qc7 6. d3 d6 7. Be3 Nf6 8. h3 Be7 9. 0-0 0-0 10. f4 Rb8 11. g4 b5 12. Ng3 Nd4 13. Qd2 b4 14. Nce2 Nxe2+ 15. Qxe2 Bb7 16. f5 h6 17. Qd2 Kh7 18. Rf2 Rbd8 19. Raf1 d5 20. Ne2 dxe4 21. Rd1 exd3 22. cxd3 e5 23. Qc2 Kg8 24. Bxb7 Qxb7 25. Bxc5 Rc8 26. Kf1 Bxc5 27. Qd2 Bxf2 28. Kxf2 Rfd8 29. g5 hxg5 30. Qxg5 Qb6+ 31. Kf3 Qc6+ 32. Ke3 Qc5+ 33. Kd2 Ne4+ 0-1

[Event "Rostock SSC op 16th"]
[Site "Rostock"]
[Date "2017.07.26"]
[Round "1"]
[White "Kuckelkorn, Joerg"]
[Black "Schmidt, Pauline"]
[Result "1-0"]
[WhiteElo "1813"]
[BlackElo "1269"]
[PlyCount "45"]
[EventDate "2017.07.26"]
[EventType "swiss"]
[EventRounds "7"]
[EventCountry "GER"]
[SourceTitle "EXT 2018"]
[Source "ChessBase"]
[SourceDate "2017.10.13"]
[SourceVersion "1"]
[SourceVersionDate "2017.10.13"]
[SourceQuality "1"]

1. f4 d5 2. Nf3 Nf6 3. g3 b6 4. Bg2 Bb7 5. d3 e6 6. 0-0 Nc6 7. Nc3 Qd7 8. e3 a6 9. Ne5 Qd6 10. e4 Nxe5 11. fxe5 Qxe5 12. d4 Qh5 13. Bf3 Qg6 14. e5 h6 15. exf6 Qxf6 16. Bh5 Qe7 17. Rxf7 Qxf7 18. Bxf7+ Kxf7 19. Qf3+ Ke7 20. Bf4 Kd7 21. Be5 Rc8 22. Qf7+ Kc6 23. Qxe6+ 1-0

[Event "Rostock SSC op 16th"]
[Site "Rostock"]
[Date "2017.07.26"]
[Round "2"]
[White "Schmidt, Pauline"]
[Black "Patrias, Joachim"]
[Result "0-1"]
[WhiteElo "1269"]
[BlackElo "1698"]
[PlyCount "74"]
[EventDate "2017.07.26"]
[EventType "swiss"]
[EventRounds "7"]
[EventCountry "GER"]
[SourceTitle "EXT 2018"]
[Source "ChessBase"]
[SourceDate "2017.10.13"]
[SourceVersion "1"]
[SourceVersionDate "2017.10.13"]
[SourceQuality "1"]

1. e4 c5 2. Nc3 e6 3. Nge2 d6 4. g3 b6 5. Bg2 Bb7 6. d3 Be7 7. Be3 a6 8. a3 Bf6 9. Qc1 Nc6 10. 0-0 Nd4 11. Bxd4 cxd4 12. Nd1 Rc8 13. f4 Qc7 14. c4 Ne7 15. Nf2 g6 16. Ng4 Bg7 17. Qd2 0-0 18. Rac1 Qb8 19. Qb4 Ba8 20. e5 Bxg2 21. Kxg2 Nf5 22. Kf2 a5 23. Qb3 dxe5 24. fxe5 Bxe5 25. Nxe5 Qxe5 26. Qxb6 Rb8 27. Qc6 Rxb2 28. Qe4 Qxe4 29. dxe4 Ne3 30. Rfe1 f5 31. e5 f4 32. Kf3 fxg3+ 33. Kxg3 Nf5+ 34. Kf3 Rb3+ 35. Ke4 Re3+ 36. Kf4 Nh6+ 37. Kg5 Rf5+ 0-1

[Event "GER-ch U25-B"]
[Site "Willingen"]
[Date "2017.06.09"]
[Round "8"]
[White "Schmidt, Pauline"]
[Black "Chouiki, Tarek"]
[Result "1/2-1/2"]
[WhiteElo "1260"]
[BlackElo "1181"]
[PlyCount "89"]
[EventDate "2017.06.04"]
[EventType "swiss"]
[EventRounds "9"]
[EventCountry "GER"]
[SourceTitle "CBM 178 Extra"]
[Source "ChessBase"]
[SourceDate "2017.06.22"]
[SourceVersion "1"]
[SourceVersionDate "2017.06.22"]
[SourceQuality "1"]

1. e4 c6 2. d4 d5 3. e5 Nd7 4. Ne2 c5 5. c3 Qc7 6. Be3 e6 7. Ng3 Qb6 8. Qc2 cxd4 9. cxd4 Bb4+ 10. Nc3 Ne7 11. a3 Qa5 12. Bd3 Nb6 13. 0-0 Bxc3 14. bxc3 Bd7 15. Rfb1 Rc8 16. Rc1 Na4 17. Bd2 Qc7 18. Rab1 Nb6 19. Bg5 Ba4 20. Bb5+ Bxb5 21. Rxb5 Qc4 22. Rb4 Qc7 23. Nh5 0-0 24. Qe2 h6 25. Bxe7 Qxe7 26. Qg4 Qg5 27. Qxg5 hxg5 28. a4 Rc7 29. Ng3 Rfc8 30. Ne2 Nc4 31. Rcb1 Nd2 32. R1b2 Nc4 33. Rb1 Nd2 34. Rd1 Ne4 35. f3 Nxc3 36. Nxc3 Rxc3 37. Rxb7 Ra8 38. Ra1 a5 39. Rb5 Rc6 40. Kf2 Rc4 41. Ke3 Rc2 42. g4 Rxh2 43. Ra3 Rc2 44. Kd3 Rc4 45. Ra2 1/2-1/2

[Event "GER-ch U25-B"]
[Site "Willingen"]
[Date "2017.06.04"]
[Round "1"]
[White "Langer, Paul Georg"]
[Black "Schmidt, Pauline"]
[Result "1-0"]
[WhiteElo "1414"]
[BlackElo "1260"]
[PlyCount "113"]
[EventDate "2017.06.04"]
[EventType "swiss"]
[EventRounds "9"]
[EventCountry "GER"]
[SourceTitle "CBM 178 Extra"]
[Source "ChessBase"]
[SourceDate "2017.06.22"]
[SourceVersion "1"]
[SourceVersionDate "2017.06.22"]
[SourceQuality "1"]

1. e4 e5 2. Nf3 Nc6 3. Bc4 Bc5 4. c3 Nf6 5. d4 exd4 6. cxd4 Bb4+ 7. Bd2 Bxd2+ 8. Nbxd2 d5 9. exd5 Nxd5 10. Qb3 Nce7 11. 0-0 0-0 12. Rfe1 c6 13. Qa3 Nf5 14. Bxd5 Qxd5 15. Re5 Qd6 16. Qd3 Qg6 17. Qe4 f6 18. Rc5 Re8 19. Qc2 Bd7 20. Nb3 Rac8 21. Rc3 Qg4 22. Rd1 Qe4 23. Qxe4 Rxe4 24. Nc5 Re7 25. Nxb7 Rb8 26. Nc5 Rxb2 27. Nxd7 Rxd7 28. Rxc6 Rxa2 29. g4 Ne7 30. Rcc1 a5 31. Ra1 Rxa1 32. Rxa1 Ra7 33. Kf1 Nd5 34. Ke2 Kf7 35. Nd2 Ke6 36. Nc4 a4 37. Ne3 Nb4 38. Kd2 a3 39. Kc3 Nd5+ 40. Kb3 a2 41. Rxa2 Rxa2 42. Kxa2 Nxe3 43. fxe3 Kd5 44. Kb3 g5 45. Kc3 h6 46. Kd3 Kd6 47. Kc4 Kc6 48. e4 Kd6 49. Kb5 Kd7 50. h3 Kd6 51. Kb6 Kd7 52. d5 Kd6 53. Kb5 Kd7 54. Kc5 Kc7 55. d6+ Kd7 56. Kd5 Kd8 57. Ke6 1-0

[Event "GER-ch U12 Girls"]
[Site "Willingen"]
[Date "2016.05.15"]
[Round "2"]
[White "Visvikis, Kassandra"]
[Black "Schmidt, Pauline"]
[Result "1-0"]
[WhiteElo "1350"]
[BlackElo "1186"]
[PlyCount "105"]
[EventDate "2016.05.15"]
[EventType "swiss"]
[EventRounds "11"]
[EventCountry "GER"]
[SourceTitle "CBM 172 Extra"]
[Source "ChessBase"]
[SourceDate "2016.06.21"]
[SourceVersion "1"]
[SourceVersionDate "2016.06.21"]
[SourceQuality "1"]

1. e4 e5 2. Nf3 Nc6 3. Bb5 Bc5 4. Bxc6 dxc6 5. d3 Nf6 6. Nxe5 Bxf2+ 7. Kxf2 Qd4+ 8. Ke1 Qxe5 9. h3 Be6 10. Nc3 0-0-0 11. Qf3 g5 12. g4 h6 13. Be3 Rhf8 14. d4 Rxd4 15. Bxd4 Qxd4 16. Rd1 Qe5 17. Rd2 Nd5 18. Nxd5 cxd5 19. Re2 Qxb2 20. exd5 Bd7 21. c3 Qb6 22. Qe3 Qb1+ 23. Kf2 Qxh1 24. Qxa7 Bb5 25. Qa8+ Kd7 26. Qxf8 Bxe2 27. Qxf7+ Kd6 28. Qe6+ Kc5 29. Qxe2 Qxd5 30. Qe7+ Kc6 31. Qf6+ Qd6 32. Qxd6+ Kxd6 33. Ke2 Ke6 34. Kd3 Kd5 35. c4+ Kd6 36. Kd4 c5+ 37. Ke4 Ke6 38. a3 Kd6 39. Kf5 b6 40. a4 Ke7 41. Kg6 Ke6 42. Kxh6 Kf6 43. Kh5 Kf7 44. Kxg5 Kg7 45. h4 Kh8 46. Kf5 Kg7 47. g5 Kg8 48. h5 Kf7 49. h6 Kg8 50. Kf6 Kh7 51. Kf7 Kh8 52. h7 Kxh7 53. g6+ 1-0

[Event "GER-chT U10"]
[Site "Magdeburg"]
[Date "2015.12.27"]
[Round "2.2"]
[White "Richter, Nicholas"]
[Black "Schmidt, Pauline"]
[Result "1/2-1/2"]
[WhiteElo "1105"]
[BlackElo "1110"]
[PlyCount "43"]
[EventDate "2015.12.27"]
[EventType "team-swiss"]
[EventRounds "7"]
[EventCountry "GER"]
[SourceTitle "EXT 2017"]
[Source "ChessBase"]
[SourceDate "2016.10.25"]
[SourceVersion "1"]
[SourceVersionDate "2016.10.25"]
[SourceQuality "1"]
[WhiteTeam "Dresden Striesen"]
[BlackTeam "Stadtilm Blau Weiss"]
[WhiteTeamCountry "GER"]
[BlackTeamCountry "GER"]

1. e4 e5 2. Bc4 Nf6 3. Nc3 Bc5 4. d3 h6 5. Nf3 Nc6 6. Bd2 d6 7. h3 Be6 8. Bxe6 fxe6 9. Qe2 Qd7 10. a3 a6 11. Be3 Bb6 12. 0-0 0-0 13. Nd2 Qf7 14. Nc4 Ba7 15. Qf3 Qg6 16. b4 d5 17. Bxa7 Nxa7 18. Nxe5 Qe8 19. Qe3 Nc6 20. Nf3 Rd8 21. e5 Nh7 22. d4 1/2-1/2

[Event "GER-ch U10"]
[Site "Willingen"]
[Date "2015.05.30"]
[Round "11"]
[White "Schmidt, Pauline"]
[Black "Bress, Aaron"]
[Result "0-1"]
[WhiteElo "1184"]
[BlackElo "1477"]
[PlyCount "44"]
[EventDate "2015.05.24"]
[EventType "swiss"]
[EventRounds "11"]
[EventCountry "GER"]
[SourceTitle "CBM 166 Extra"]
[Source "ChessBase"]
[SourceDate "2015.06.18"]
[SourceVersion "1"]
[SourceVersionDate "2015.06.18"]
[SourceQuality "1"]

1. e4 c5 2. Nc3 Nc6 3. Nge2 g6 4. g3 Bg7 5. Bg2 e6 6. 0-0 Nge7 7. d3 0-0 8. Be3 Nd4 9. Qd2 Nec6 10. a3 d6 11. h3 a6 12. g4 Qc7 13. f4 f5 14. Rac1 Rb8 15. Qe1 b5 16. Ng3 a5 17. Qd1 b4 18. Nce2 Nxe2+ 19. Qxe2 Bxb2 20. Rb1 bxa3 21. h4 a2 22. Rxb2 Rxb2 0-1

[Event "GER-ch U10"]
[Site "Willingen"]
[Date "2015.05.27"]
[Round "6"]
[White "Schmidt, Pauline"]
[Black "Schneider, Anna"]
[Result "1-0"]
[WhiteElo "1184"]
[BlackElo "1060"]
[PlyCount "81"]
[EventDate "2015.05.24"]
[EventType "swiss"]
[EventRounds "11"]
[EventCountry "GER"]
[SourceTitle "CBM 166 Extra"]
[Source "ChessBase"]
[SourceDate "2015.06.18"]
[SourceVersion "1"]
[SourceVersionDate "2015.06.18"]
[SourceQuality "1"]

1. e4 e5 2. Nf3 Nc6 3. Bc4 Bc5 4. c3 Nf6 5. d4 exd4 6. cxd4 Bb4+ 7. Bd2 Bxd2+ 8. Nbxd2 d5 9. exd5 Nxd5 10. Qb3 Nce7 11. 0-0 0-0 12. Rfe1 c6 13. Rad1 Be6 14. Qxb7 Qd6 15. Qb3 Rfb8 16. Qa3 Qd7 17. Ne5 Qe8 18. Qg3 Rxb2 19. Re4 Nf5 20. Qf3 Rc2 21. Ree1 Rc3 22. Qe4 Rc8 23. Rb1 f6 24. Nd3 Rd8 25. Qxe6+ Qxe6 26. Rxe6 Nxd4 27. Ree1 Rc2 28. Bxd5+ cxd5 29. Nf3 Ne2+ 30. Kf1 Nc3 31. Rb7 Rxa2 32. Ree7 Ra1+ 33. Nfe1 a5 34. Rxg7+ Kh8 35. Rxh7+ Kg8 36. Nf4 Rxe1+ 37. Kxe1 Re8+ 38. Kf1 a4 39. Ng6 Re1+ 40. Kxe1 a3 41. Rh8# 1-0

[Event "GER-ch U10"]
[Site "Willingen"]
[Date "2015.05.25"]
[Round "4"]
[White "Schmidt, Pauline"]
[Black "Lohvinov, Petro"]
[Result "0-1"]
[WhiteElo "1184"]
[BlackElo "1418"]
[PlyCount "44"]
[EventDate "2015.05.24"]
[EventType "swiss"]
[EventRounds "11"]
[EventCountry "GER"]
[SourceTitle "CBM 166 Extra"]
[Source "ChessBase"]
[SourceDate "2015.06.18"]
[SourceVersion "1"]
[SourceVersionDate "2015.06.18"]
[SourceQuality "1"]

1. e4 e5 2. Nf3 Nc6 3. Bc4 Nf6 4. Nc3 Nxe4 5. Nxe4 d5 6. Bd3 dxe4 7. Bxe4 Bd6 8. 0-0 0-0 9. d4 exd4 10. Nxd4 Nxd4 11. Qxd4 Bxh2+ 12. Kxh2 Qxd4 13. Bf3 Qf6 14. Kg1 c6 15. Re1 Bf5 16. c3 Rfe8 17. Bd2 Rad8 18. b4 Rxe1+ 19. Bxe1 Bh3 20. gxh3 Qxf3 21. Rb1 Qxh3 22. f3 Qxf3 0-1

[Event "GER-ch U10"]
[Site "Willingen"]
[Date "2015.05.24"]
[Round "1"]
[White "Kirchner, Markus"]
[Black "Schmidt, Pauline"]
[Result "1-0"]
[WhiteElo "1594"]
[BlackElo "1184"]
[PlyCount "100"]
[EventDate "2015.05.24"]
[EventType "swiss"]
[EventRounds "11"]
[EventCountry "GER"]
[SourceTitle "CBM 166 Extra"]
[Source "ChessBase"]
[SourceDate "2015.06.18"]
[SourceVersion "1"]
[SourceVersionDate "2015.06.18"]
[SourceQuality "1"]

1. e4 e5 2. Nf3 Nc6 3. Bc4 Nf6 4. Ng5 d5 5. exd5 Nxd5 6. Qh5 g6 7. Qf3 Be6 8. Nxe6 fxe6 9. 0-0 Qd7 10. d3 0-0-0 11. Nd2 Be7 12. Ne4 Rdf8 13. Qh3 h5 14. Nc3 Nf4 15. Bxf4 Rf5 16. Bd2 g5 17. Ne4 g4 18. Qe3 h4 19. Bb5 Kb8 20. Qe2 Rg8 21. Rac1 h3 22. g3 Nd4 23. Bxd7 Nxe2+ 24. Kh1 Nxc1 25. Bxe6 Rf3 26. Bxc1 Rgf8 27. Bxg4 R3f7 28. Bxh3 Bb4 29. c3 Ba5 30. a4 Bb6 31. Kg2 a5 32. c4 c5 33. Be3 Ba7 34. Bxc5 Bxc5 35. Nxc5 Rd8 36. Rd1 Re7 37. Nb3 e4 38. d4 e3 39. Re1 e2 40. Bg4 Rc8 41. Bxc8 Kxc8 42. Kf3 Rc7 43. c5 Kd7 44. Rxe2 Kc6 45. Re5 b6 46. cxb6 Kxb6 47. Rb5+ Kc6 48. Rc5+ Kb6 49. Rxc7 Kxc7 50. h4 Kd8 1-0